00630nam a22002297a 45000010005000000030009000050050017000140070005000310080034000360200015000700400022000850920015001071000018001222450041001402600036001813000019002179100008002369420012002449520109002569560020003659990015003850172DO-SdBNP20160314152252.00172151005b 200 1991 xxu 00| 0 spa d a0590461656 aBPMSUbspacBPMSU aXXXXbXXXX1 aSlote, Alfred10aFinding Buck McHenry /cAlfred Slote aNew York :bScholastic, c1991. a250 p :c20cm. a144 2ddccBK 00102ddc40708EXTaBPMETbBPMETd2016-03-14eDonaciónl0pBPMET16030103r2016-03-14w2016-03-14yBK aYngrid Lockward c9230d9230